=LDR 00000nam 2200000 4500 =001 INLIS000000000026166 =005 20130612124625 =008 ***********************************Ind** =035 ##$$0010-061300000026166 =041 ##$$a Ind =082 ##$$a 392.6 =090 ##$$a 392.6, Sud g =100 ##$$a Sudarsono =245 ##$$a Gigolo dan seks, resiko penularan, pemahaman dan pencegahan PMS, Sudarsono =260 ##$$a 1998 $b Yogyakarta =300 ##$$a 69 hlm, 21 cm =650 ##$$a Seks =850 ##$$a NBPNMAT